[Event "Guelph Winter Pro-Am U1600"]
[Site "Guelph CAN"]
[Date "2012.02.11"]
[Round "3"]
[White "Gauer, Kai"]
[Black "Tao, Rachel"]
[Result "1/2-1/2"]
[WhiteElo "1345"]
[BlackElo "1260"]
[PlyCount "49"]
[GameId "2160767909576568"]
[EventDate "2012.02.10"]
[EventType "swiss"]
[EventRounds "5"]
[EventCountry "CAN"]
[SourceTitle "EXT 2022"]
[Source "ChessBase"]
[SourceDate "2021.10.06"]
[SourceVersion "1"]
[SourceVersionDate "2021.10.06"]
[SourceQuality "1"]

1. d4 e6 2. Nf3 d5 3. g3 c5 4. Bg2 Nc6 5. c3 Nf6 6. Ne5 Bd6 7. Bf4 Qb6 8. Qb3 Qc7 9. Nxc6 Qxc6 10. Bxd6 Qxd6 11. Qb5+ Nd7 12. O-O a6 13. Qd3 c4 14. Qc2 Nf6 15. f4 Ng4 16. Qc1 O-O 17. e4 dxe4 18. Bxe4 Rb8 19. a4 b5 20. axb5 axb5 21. Ra8 Bb7 22. Bxb7 Rxb7 23. Rxf8+ Kxf8 24. Nd2 Qd5 25. Nf3 1/2-1/2

[Event "Guelph Winter Pro-Am U1600"]
[Site "Guelph CAN"]
[Date "2012.02.11"]
[Round "3"]
[White "Tismenko, Dennis"]
[Black "Andronescu, Tiberiu"]
[Result "0-1"]
[WhiteElo "1405"]
[BlackElo "1346"]
[PlyCount "51"]
[GameId "2160767909576569"]
[EventDate "2012.02.10"]
[EventType "swiss"]
[EventRounds "5"]
[EventCountry "CAN"]
[SourceTitle "EXT 2022"]
[Source "ChessBase"]
[SourceDate "2021.10.06"]
[SourceVersion "1"]
[SourceVersionDate "2021.10.06"]
[SourceQuality "1"]

1. e4 c5 2. Nc3 a6 3. f4 d6 4. Nf3 Nc6 5. a4 Bg4 6. h3 Bd7 7. Bc4 Nf6 8. O-O e6 9. d3 Be7 10. Be3 O-O 11. Qe1 Nb4 12. Bb3 Bc6 13. Ne2 d5 14. e5 Nd7 15. Qg3 Nb6 16. a5 Nd7 17. f5 Kh8 18. fxe6 fxe6 19. Ng5 Rxf1+ 20. Rxf1 Bxg5 21. Bxg5 Qc7 22. Nf4 Qxe5 23. Re1 Qd4+ 24. Kh1 e5 25. Ne6 Qxb2 26. Bf6 0-1

[Event "Guelph Winter Pro-Am U1600"]
[Site "Guelph CAN"]
[Date "2012.02.11"]
[Round "3"]
[White "Xu, Jeffrey"]
[Black "Wang, Constance"]
[Result "1-0"]
[WhiteElo "1550"]
[BlackElo "1443"]
[PlyCount "147"]
[GameId "2160767909576570"]
[EventDate "2012.02.10"]
[EventType "swiss"]
[EventRounds "5"]
[EventCountry "CAN"]
[SourceTitle "EXT 2022"]
[Source "ChessBase"]
[SourceDate "2021.10.06"]
[SourceVersion "1"]
[SourceVersionDate "2021.10.06"]
[SourceQuality "1"]

1. e4 c5 2. Nf3 d6 3. Bb5+ Bd7 4. Bxd7+ Qxd7 5. O-O Nf6 6. d3 e6 7. Nc3 Be7 8. Re1 Nc6 9. b3 O-O 10. Bb2 d5 11. a3 Qc7 12. Qe2 Rfe8 13. Rad1 Rad8 14. h3 a6 15. a4 dxe4 16. dxe4 Rxd1 17. Rxd1 Rd8 18. Rxd8+ Qxd8 19. Nb1 Qc7 20. Nbd2 Nd7 21. Nc4 b5 22. axb5 axb5 23. Na3 b4 24. Nc4 Nb6 25. Nfd2 Nxc4 26. Nxc4 Bd6 27. Qd2 Be7 28. e5 Kf8 29. Nd6 Na5 30. Qd3 Nb7 31. Qxh7 Bxd6 32. exd6 Qxd6 33. Bxg7+ Ke7 34. Qh4+ Kd7 35. Qh5 Qe7 36. Qf3 Ke8 37. Bf6 Qd7 38. Qh5 Qd6 39. Be5 Qe7 40. Qf3 Qd7 41. h4 Nd6 42. Qa8+ Nc8 43. Bg7 Qd1+ 44. Kh2 Qd7 45. Be5 Ke7 46. g3 Nd6 47. Bf4 Qc7 48. Bh6 Ne8 49. Qa5 Qd6 50. Qa7+ Nc7 51. Be3 Kd7 52. Qxc5 Qxc5 53. Bxc5 Na6 54. Be3 Kd6 55. h5 Ke7 56. h6 Kf8 57. Kg2 Kg8 58. Kf3 Nc7 59. Ke2 Nd5 60. Bd2 Kh7 61. Kd3 Ne7 62. Bxb4 Nf5 63. Bd2 Nxh6 64. Bxh6 Kxh6 65. c4 Kg7 66. c5 Kf8 67. b4 Ke7 68. b5 Kd7 69. Ke4 Kc7 70. Ke5 Kd7 71. Kf6 Kd8 72. b6 Ke8 73. b7 Kd8 74. b8=Q+ 1-0

[Event "Guelph Winter Pro-Am U1600"]
[Site "Guelph CAN"]
[Date "2012.02.12"]
[Round "4"]
[White "Franke, Raymond"]
[Black "Tismenko, Dennis"]
[Result "1/2-1/2"]
[WhiteElo "1526"]
[BlackElo "1405"]
[PlyCount "49"]
[GameId "2160767909576571"]
[EventDate "2012.02.10"]
[EventType "swiss"]
[EventRounds "5"]
[EventCountry "CAN"]
[SourceTitle "EXT 2022"]
[Source "ChessBase"]
[SourceDate "2021.10.06"]
[SourceVersion "1"]
[SourceVersionDate "2021.10.06"]
[SourceQuality "1"]

1. e4 c5 2. Nf3 g6 3. g3 Bg7 4. Bg2 Nc6 5. c3 d6 6. O-O Nf6 7. d3 O-O 8. Nbd2 Bd7 9. Re1 Qc7 10. Nf1 Rfe8 11. a4 Rad8 12. Bg5 h6 13. Bxf6 Bxf6 14. Ne3 e6 15. Qd2 Bg7 16. h4 Ne5 17. Nxe5 Bxe5 18. Ng4 h5 19. Nxe5 dxe5 20. Qe2 f5 21. exf5 exf5 22. Bd5+ Kg7 23. c4 Bc6 24. Qf1 Qd7 25. Red1 1/2-1/2

[Event "Guelph Winter Pro-Am U1600"]
[Site "Guelph CAN"]
[Date "2012.02.12"]
[Round "4"]
[White "Guo, Richard"]
[Black "Zheng, Ethan"]
[Result "1-0"]
[WhiteElo "1276"]
[BlackElo "911"]
[PlyCount "51"]
[GameId "2160767909576572"]
[EventDate "2012.02.10"]
[EventType "swiss"]
[EventRounds "5"]
[EventCountry "CAN"]
[SourceTitle "EXT 2022"]
[Source "ChessBase"]
[SourceDate "2021.10.06"]
[SourceVersion "1"]
[SourceVersionDate "2021.10.06"]
[SourceQuality "1"]

1. e4 e5 2. Nf3 Nc6 3. Bb5 a6 4. Ba4 b5 5. Bb3 Bb7 6. O-O Nd4 7. Nxe5 Bxe4 8. Re1 d5 9. d3 Bb4 10. c3 Nxb3 11. axb3 Bc5 12. dxe4 Qf6 13. Ng4 Qg6 14. exd5+ Ne7 15. b4 Bb6 16. Be3 Bxe3 17. Rxe3 Qd6 18. Nd2 Qxd5 19. Ne4 Qxd1+ 20. Rxd1 Nf5 21. Nd6+ Kf8 22. Nxf5 g6 23. Nd4 Kg7 24. Re7 Rad8 25. Ne6+ Kg8 26. Nf6# 1-0

[Event "Guelph Winter Pro-Am U1600"]
[Site "Guelph CAN"]
[Date "2012.02.12"]
[Round "4"]
[White "Kaneshalingam, Mathanhe"]
[Black "Tao, Ellen"]
[Result "1/2-1/2"]
[WhiteElo "993"]
[BlackElo "1260"]
[PlyCount "54"]
[GameId "2160767909576573"]
[EventDate "2012.02.10"]
[EventType "swiss"]
[EventRounds "5"]
[EventCountry "CAN"]
[SourceTitle "EXT 2022"]
[Source "ChessBase"]
[SourceDate "2021.10.06"]
[SourceVersion "1"]
[SourceVersionDate "2021.10.06"]
[SourceQuality "1"]

1. d4 d5 2. c4 dxc4 3. e4 Nf6 4. Nc3 e6 5. Nf3 Bb4 6. Qc2 Bxc3+ 7. bxc3 b5 8. Be2 O-O 9. e5 Nd5 10. Ng5 g6 11. O-O h6 12. Nf3 g5 13. h3 Nc6 14. Ba3 Nce7 15. Bxe7 Qxe7 16. Nh2 Nf4 17. Ng4 f5 18. exf6 Qh7 19. Qxh7+ Kxh7 20. Bf3 Rb8 21. Be4+ Kh8 22. Rfe1 h5 23. Ne5 Rxf6 24. Nc6 Rb7 25. Ne7 Rb8 26. Nc6 Rb7 27. Ne7 Rb8 1/2-1/2

[Event "Guelph Winter Pro-Am U1600"]
[Site "Guelph CAN"]
[Date "2012.02.12"]
[Round "4"]
[White "Liang, Lakes"]
[Black "Aghamalian, Leonid"]
[Result "1-0"]
[WhiteElo "1416"]
[BlackElo "1432"]
[PlyCount "104"]
[GameId "2160767909576574"]
[EventDate "2012.02.10"]
[EventType "swiss"]
[EventRounds "5"]
[EventCountry "CAN"]
[SourceTitle "EXT 2022"]
[Source "ChessBase"]
[SourceDate "2021.10.06"]
[SourceVersion "1"]
[SourceVersionDate "2021.10.06"]
[SourceQuality "1"]

1. e4 e5 2. Nf3 Nc6 3. Bb5 a6 4. Ba4 Nf6 5. O-O Be7 6. Re1 d6 7. c3 b5 8. Bc2 O-O 9. h3 Re8 10. d4 Bf8 11. Bg5 g6 12. dxe5 Nxe5 13. Nxe5 Rxe5 14. f4 Rxg5 15. fxg5 Nd7 16. Rf1 Qxg5 17. Bb3 Ne5 18. Qd5 Bxh3 19. Rf2 Nf3+ 20. Kf1 Nh2+ 21. Ke2 Bg4+ 22. Kd3 Qxd5+ 23. Bxd5 Rd8 24. Rxf7 Kh8 25. Rxc7 Bh6 26. Nd2 Rf8 27. Rf7 Rxf7 28. Bxf7 Kg7 29. Bd5 Bh5 30. Bb7 a5 31. Nb3 a4 32. Nd4 Ng4 33. Nxb5 Bf4 34. Nc7 Be5 35. Bc6 Nf2+ 36. Kc4 Be2+ 37. Kb4 Nd3+ 38. Ka3 Nc5 39. Re1 Bc4 40. Bd5 Bxd5 41. exd5 h5 42. Rf1 h4 43. Ne6+ Nxe6 44. dxe6 Bf6 45. Kxa4 g5 46. b4 g4 47. c4 Kg6 48. b5 Bd8 49. Kb4 g3 50. a4 Kg5 51. Rf7 Kg4 52. e7 Bxe7 1-0

[Event "Guelph Winter Pro-Am U1600"]
[Site "Guelph CAN"]
[Date "2012.02.12"]
[Round "4"]
[White "Lin, Benjamin1"]
[Black "Caron, Daniel"]
[Result "1-0"]
[WhiteElo "1278"]
[BlackElo "966"]
[PlyCount "75"]
[GameId "2160767909576575"]
[EventDate "2012.02.10"]
[EventType "swiss"]
[EventRounds "5"]
[EventCountry "CAN"]
[SourceTitle "EXT 2022"]
[Source "ChessBase"]
[SourceDate "2021.10.06"]
[SourceVersion "1"]
[SourceVersionDate "2021.10.06"]
[SourceQuality "1"]

1. c4 e5 2. Nc3 Nf6 3. d3 Bb4 4. Bd2 Bxc3 5. Bxc3 Nc6 6. e4 b6 7. Nf3 Bb7 8. Be2 O-O 9. O-O Ne7 10. Nxe5 d6 11. Ng4 Nxg4 12. Bxg4 Bc8 13. f4 c5 14. f5 h5 15. Bxh5 Bd7 16. Qf3 a6 17. Qg3 Nxf5 18. exf5 g6 19. fxg6 f6 20. Qxd6 Bc6 21. Qxc6 Rc8 22. Qe6+ Kh8 23. Bxf6+ Rxf6 24. Qxf6+ Qxf6 25. Rxf6 Kg7 26. Rf7+ Kh6 27. Rh7+ Kg5 28. g7 Kf6 29. Rh8 Kxg7 30. Rxc8 Kh6 31. Rf1 Kxh5 32. Rc6 b5 33. cxb5 axb5 34. Rxc5+ Kg4 35. Rf3 Kh4 36. Rg3 b4 37. Rc8 b3 38. Rh8# 1-0

[Event "Guelph Winter Pro-Am U1600"]
[Site "Guelph CAN"]
[Date "2012.02.12"]
[Round "4"]
[White "Tao, Rachel"]
[Black "Williamson, James"]
[Result "1/2-1/2"]
[WhiteElo "1260"]
[BlackElo "1217"]
[PlyCount "58"]
[GameId "2160767909576576"]
[EventDate "2012.02.10"]
[EventType "swiss"]
[EventRounds "5"]
[EventCountry "CAN"]
[SourceTitle "EXT 2022"]
[Source "ChessBase"]
[SourceDate "2021.10.06"]
[SourceVersion "1"]
[SourceVersionDate "2021.10.06"]
[SourceQuality "1"]

1. e4 e5 2. Bc4 Nf6 3. d3 Be7 4. Nf3 d6 5. c3 O-O 6. Nbd2 Bd7 7. Nf1 Qc8 8. Ng3 h6 9. Nh4 Nxe4 10. Ng6 Re8 11. dxe4 Bf6 12. Nxe5 Bxe5 13. Qf3 Be6 14. Bb3 Bxb3 15. axb3 d5 16. Nf5 Re6 17. Qg4 Kh7 18. Ne7 Qe8 19. Nxd5 c6 20. Ne3 Rg6 21. Qf5 Qe6 22. Qxe6 Rxe6 23. f3 Na6 24. O-O Nc5 25. b4 Nb3 26. Rb1 Nxc1 27. Rbxc1 Rd8 28. g3 Bc7 29. Rcd1 Red6 1/2-1/2

[Event "Guelph Winter Pro-Am U1600"]
[Site "Guelph CAN"]
[Date "2012.02.12"]
[Round "4"]
[White "Wang, Constance"]
[Black "Birarov, Nicole"]
[Result "1-0"]
[WhiteElo "1443"]
[BlackElo "1131"]
[PlyCount "61"]
[GameId "2160767909576577"]
[EventDate "2012.02.10"]
[EventType "swiss"]
[EventRounds "5"]
[EventCountry "CAN"]
[SourceTitle "EXT 2022"]
[Source "ChessBase"]
[SourceDate "2021.10.06"]
[SourceVersion "1"]
[SourceVersionDate "2021.10.06"]
[SourceQuality "1"]

1. e4 d5 2. exd5 Nf6 3. Nc3 Nxd5 4. Nf3 Nc6 5. Be2 Bg4 6. d4 e6 7. O-O Qd7 8. Re1 O-O-O 9. Nxd5 exd5 10. Bf4 Bd6 11. Bxd6 Qxd6 12. Qd2 f6 13. c3 h5 14. b4 g5 15. a4 h4 16. h3 Bf5 17. Nh2 Rhg8 18. a5 Be6 19. b5 Ne7 20. Reb1 f5 21. b6 a6 22. bxc7 Rdf8 23. Rb6 Qd7 24. Rab1 Nc6 25. Qa2 Qf7 26. Rxb7 g4 27. Bxa6 Qg6 28. Ra7+ Kd7 29. c8=Q+ Kd6 30. Qa3+ Nb4 31. Qxb4# 1-0

[Event "Guelph Winter Pro-Am U1600"]
[Site "Guelph CAN"]
[Date "2012.02.12"]
[Round "5"]
[White "Birarov, Nicole"]
[Black "Kaneshalingam, Mathanhe"]
[Result "0-1"]
[WhiteElo "1131"]
[BlackElo "993"]
[PlyCount "132"]
[GameId "2160767909576579"]
[EventDate "2012.02.10"]
[EventType "swiss"]
[EventRounds "5"]
[EventCountry "CAN"]
[SourceTitle "EXT 2022"]
[Source "ChessBase"]
[SourceDate "2021.10.06"]
[SourceVersion "1"]
[SourceVersionDate "2021.10.06"]
[SourceQuality "1"]

1. d4 d5 2. Nf3 Nc6 3. c4 e6 4. Nc3 Nf6 5. e3 Bb4 6. Bd3 O-O 7. a3 Bxc3+ 8. bxc3 h6 9. O-O b6 10. Ne5 Nxe5 11. dxe5 Nd7 12. f4 Nc5 13. Bb1 dxc4 14. Qc2 Qd3 15. Qb2 Qd5 16. Bc2 Bb7 17. Rf2 Nd3 18. Bxd3 Qxd3 19. Bd2 Rfd8 20. Re1 Qe4 21. Qc1 Rd7 22. Qd1 Rad8 23. Ree2 Rd3 24. Qc2 a6 25. h3 b5 26. f5 exf5 27. Rf4 Qxe5 28. Qd1 Rxc3 29. Qa1 Rxd2 30. Rxd2 Rxe3 31. Qxe5 Rxe5 32. Rd8+ Kh7 33. Rd7 Re3 34. a4 Rd3 35. Rxc7 Rd1+ 36. Kf2 Rd2+ 37. Ke3 Rd3+ 38. Kf2 Rd2+ 39. Ke1 Rxg2 40. Rxb7 bxa4 41. Rxc4 a3 42. Rb1 Rg1+ 43. Kd2 Rxb1 44. Ra4 Rh1 45. Rxa3 Rh2+ 46. Ke1 g5 47. Kf1 Kg7 48. Kg1 Rd2 49. Rxa6 f6 50. Ra5 Kg6 51. Ra4 h5 52. Ra8 Rd7 53. Kg2 g4 54. h4 f4 55. Ra5 Rd2+ 56. Kf1 Rh2 57. Ra4 f3 58. Kg1 Rxh4 59. Ra1 g3 60. Ra3 Rf4 61. Kf1 h4 62. Ra8 Rc4 63. Ke1 Re4+ 64. Kf1 f2 65. Ra3 Re1+ 66. Kg2 f1=Q# 0-1

[Event "Guelph Winter Pro-Am U1600"]
[Site "Guelph CAN"]
[Date "2012.02.12"]
[Round "5"]
[White "Gauer, Kai"]
[Black "Franke, Raymond"]
[Result "1/2-1/2"]
[WhiteElo "1345"]
[BlackElo "1526"]
[PlyCount "58"]
[GameId "2160767909576580"]
[EventDate "2012.02.10"]
[EventType "swiss"]
[EventRounds "5"]
[EventCountry "CAN"]
[SourceTitle "EXT 2022"]
[Source "ChessBase"]
[SourceDate "2021.10.06"]
[SourceVersion "1"]
[SourceVersionDate "2021.10.06"]
[SourceQuality "1"]

1. d4 Nf6 2. Nf3 b6 3. g3 Bb7 4. Bg2 e6 5. c4 Be7 6. O-O O-O 7. Nc3 Ne4 8. Qd3 Nxc3 9. Qxc3 f5 10. b3 Bf6 11. Ba3 c5 12. e3 Re8 13. Rad1 Nc6 14. Qc2 cxd4 15. exd4 g6 16. Rfe1 Ne7 17. Bd6 Rc8 18. Ne5 Bxg2 19. Kxg2 Nc6 20. Nxc6 Rxc6 21. Be5 d5 22. Rd3 Bxe5 23. Rxe5 Qc8 24. Rc3 Kf7 25. Kf3 Qc7 26. Ke2 Rc8 27. Kd3 dxc4+ 28. Rxc4 Qd7 29. f4 a6 1/2-1/2

[Event "Guelph Winter Pro-Am U1600"]
[Site "Guelph CAN"]
[Date "2012.02.12"]
[Round "5"]
[White "Tao, Rachel"]
[Black "Andronescu, Tiberiu"]
[Result "1-0"]
[WhiteElo "1260"]
[BlackElo "1346"]
[PlyCount "57"]
[GameId "2160767909576581"]
[EventDate "2012.02.10"]
[EventType "swiss"]
[EventRounds "5"]
[EventCountry "CAN"]
[SourceTitle "EXT 2022"]
[Source "ChessBase"]
[SourceDate "2021.10.06"]
[SourceVersion "1"]
[SourceVersionDate "2021.10.06"]
[SourceQuality "1"]

1. e4 c5 2. Nf3 a6 3. d4 cxd4 4. Nxd4 Nf6 5. Nc3 e5 6. Nf3 Nc6 7. Bc4 Bb4 8. O-O Qc7 9. Re1 O-O 10. Bg5 Be7 11. Nd5 Qd8 12. Nxe7+ Qxe7 13. Nh4 Qb4 14. Bxf6 Qxc4 15. Qg4 g6 16. Qg5 Qe6 17. Nf5 h5 18. Rad1 Nd4 19. Nxd4 exd4 20. e5 Kh7 21. Rxd4 Re8 22. Rh4 Kg8 23. Rxh5 Qxf6 24. Qxf6 gxh5 25. Re3 Re6 26. Qd8+ Kg7 27. Rg3+ Rg6 28. Qf6+ Kh6 29. Qh8# 1-0

[Event "Guelph Winter Pro-Am U1600"]
[Site "Guelph CAN"]
[Date "2012.02.12"]
[Round "5"]
[White "Tismenko, Dennis"]
[Black "Aghamalian, Leonid"]
[Result "0-1"]
[WhiteElo "1405"]
[BlackElo "1432"]
[PlyCount "64"]
[GameId "2160767909576582"]
[EventDate "2012.02.10"]
[EventType "swiss"]
[EventRounds "5"]
[EventCountry "CAN"]
[SourceTitle "EXT 2022"]
[Source "ChessBase"]
[SourceDate "2021.10.06"]
[SourceVersion "1"]
[SourceVersionDate "2021.10.06"]
[SourceQuality "1"]

1. e4 e5 2. Nf3 Nc6 3. d4 exd4 4. Bc4 h6 5. c3 Bc5 6. O-O d6 7. cxd4 Bb6 8. h3 Nge7 9. Nc3 O-O 10. d5 Ne5 11. Nxe5 dxe5 12. Qf3 a6 13. Qg3 Qd6 14. Kh1 Kh8 15. Bb3 f5 16. Bd2 Bd7 17. f4 Bd4 18. fxe5 Bxe5 19. Qe3 f4 20. Qd3 Ng6 21. Bc2 Nh4 22. Bxf4 Bxf4 23. e5 Bf5 24. Qxf5 Nxf5 25. exd6 Ng3+ 26. Kg1 Be3+ 27. Kh2 Rxf1 28. Rd1 Rxd1 29. Nxd1 Bf4 30. dxc7 Bxc7 31. Kg1 Rf8 32. Ne3 Bb6 0-1

[Event "Guelph Winter Pro-Am U1600"]
[Site "Guelph CAN"]
[Date "2012.02.12"]
[Round "5"]
[White "Williamson, James"]
[Black "Guo, Richard"]
[Result "0-1"]
[WhiteElo "1217"]
[BlackElo "1276"]
[PlyCount "116"]
[GameId "2160767909576583"]
[EventDate "2012.02.10"]
[EventType "swiss"]
[EventRounds "5"]
[EventCountry "CAN"]
[SourceTitle "EXT 2022"]
[Source "ChessBase"]
[SourceDate "2021.10.06"]
[SourceVersion "1"]
[SourceVersionDate "2021.10.06"]
[SourceQuality "1"]

1. e4 g6 2. c3 d6 3. Be2 Nf6 4. d3 Bg7 5. Bd2 O-O 6. Na3 c5 7. Bf3 Nbd7 8. Be3 Rb8 9. h3 a5 10. Nc2 Ne5 11. Rb1 a4 12. Be2 Ned7 13. Nf3 b5 14. O-O b4 15. cxb4 cxb4 16. Ncd4 Bb7 17. Nd2 Qa5 18. Nc4 Qd8 19. Nf3 d5 20. Ncd2 dxe4 21. dxe4 Nxe4 22. Bd4 Nxd2 23. Qxd2 Bxf3 24. Bxg7 Kxg7 25. Bxf3 Ne5 26. Qe3 Nxf3+ 27. Qxf3 Qd6 28. Rfd1 Qe6 29. Qd5 Qxd5 30. Rxd5 Rfd8 31. Rbd1 Rxd5 32. Rxd5 a3 33. b3 Rc8 34. Rd2 h5 35. h4 e5 36. f3 Rc6 37. Kh2 Kf6 38. Kh3 Rc3 39. Kh2 Kf5 40. Re2 f6 41. Re4 Rc2 42. Rxb4 Rxa2 43. Ra4 g5 44. hxg5 fxg5 45. Kh3 h4 46. Kh2 Ra1 47. Ra8 a2 48. Rf8+ Ke6 49. Ra8 Kd5 50. Ra4 Kc5 51. Rc4+ Kb6 52. Rb4+ Ka5 53. Ra4+ Kb5 54. Ra8 Kb4 55. Rb8+ Ka3 56. Ra8+ Kb2 57. Kh3 Rh1+ 58. Kg4 Rh2 0-1

[Event "Guelph Winter Pro-Am U1600"]
[Site "Guelph CAN"]
[Date "2012.02.12"]
[Round "5"]
[White "Xu, Jeffrey"]
[Black "Liang, Lakes"]
[Result "1-0"]
[WhiteElo "1550"]
[BlackElo "1416"]
[PlyCount "55"]
[GameId "2160767909576584"]
[EventDate "2012.02.10"]
[EventType "swiss"]
[EventRounds "5"]
[EventCountry "CAN"]
[SourceTitle "EXT 2022"]
[Source "ChessBase"]
[SourceDate "2021.10.06"]
[SourceVersion "1"]
[SourceVersionDate "2021.10.06"]
[SourceQuality "1"]

1. e4 e5 2. Nf3 Nc6 3. Bb5 a6 4. Ba4 Nf6 5. O-O Be7 6. Re1 b5 7. Bb3 d6 8. Nc3 O-O 9. h3 Na5 10. d3 Nxb3 11. axb3 c5 12. Nxb5 Bb7 13. Nc3 Qc7 14. Bg5 Rfb8 15. Qd2 Bc6 16. Ra2 Rb6 17. Na4 Rb4 18. Nc3 Qb7 19. Nh2 Qd7 20. Bxf6 Bxf6 21. Ng4 Be7 22. Ne3 Bg5 23. Qe2 Bxe3 24. Qxe3 Qa7 25. Rea1 Qb6 26. Na4 Qc7 27. Nc3 f6 28. Qf3 1-0

[Event "Guelph Winter Pro-Am U1600"]
[Site "Guelph CAN"]
[Date "2012.02.12"]
[Round "5"]
[White "Zheng, Ethan"]
[Black "Caron, Daniel"]
[Result "0-1"]
[WhiteElo "911"]
[BlackElo "966"]
[PlyCount "126"]
[GameId "2160767909576585"]
[EventDate "2012.02.10"]
[EventType "swiss"]
[EventRounds "5"]
[EventCountry "CAN"]
[SourceTitle "EXT 2022"]
[Source "ChessBase"]
[SourceDate "2021.10.06"]
[SourceVersion "1"]
[SourceVersionDate "2021.10.06"]
[SourceQuality "1"]

1. e4 e5 2. Nf3 Nc6 3. Bc4 Bc5 4. d3 Nf6 5. O-O d6 6. Nc3 O-O 7. Be3 Bxe3 8. fxe3 Ng4 9. Nd2 Nxe3 10. Qf3 Nxf1 11. Rxf1 Be6 12. Qe2 Qc8 13. h3 Nd4 14. Qd1 h6 15. Ne2 Nxe2+ 16. Qxe2 Bxc4 17. Nxc4 b5 18. Ne3 Rb8 19. Nd5 Qe8 20. Nxc7 Qe7 21. Nd5 Qe6 22. Qe3 b4 23. Qxa7 Ra8 24. Qe3 Rxa2 25. b3 Rxc2 26. Nxb4 Rb2 27. Nd5 Qg6 28. Rf2 Rxf2 29. Ne7+ Kh8 30. Nxg6+ fxg6 31. Kh2 Rf1 32. Qb6 R1f6 33. b4 g5 34. Qc6 d5 35. Qc7 dxe4 36. Qxe5 exd3 37. Qb2 Rd6 38. Qe5 Rdd8 39. Qe1 d2 40. Qd1 Rf4 41. b5 Rf6 42. g4 Rb6 43. Qg1 Rxb5 44. Qd1 Rb1 45. Qxb1 d1=Q 46. Qxd1 Rxd1 47. Kg3 g6 48. h4 gxh4+ 49. Kxh4 h5 50. gxh5 gxh5 51. Kxh5 Rg1 52. Kh4 Kg8 53. Kh3 Kf8 54. Kh2 Rg8 55. Kh3 Kf7 56. Kh2 Kf6 57. Kh3 Kf5 58. Kh4 Kf4 59. Kh5 Rg1 60. Kh6 Kf5 61. Kh7 Kf6 62. Kh8 Kf7 63. Kh7 Rh1# 0-1

[Event "Guelph Winter Pro-Am U2000"]
[Site "Guelph CAN"]
[Date "2012.02.10"]
[Round "1"]
[White "Ali, Shafkat"]
[Black "Itkin, Victor"]
[Result "1-0"]
[WhiteElo "1658"]
[BlackElo "1776"]
[PlyCount "63"]
[GameId "2160767909576586"]
[EventDate "2012.02.10"]
[EventType "swiss"]
[EventRounds "5"]
[EventCountry "CAN"]
[SourceTitle "EXT 2022"]
[Source "ChessBase"]
[SourceDate "2021.10.06"]
[SourceVersion "1"]
[SourceVersionDate "2021.10.06"]
[SourceQuality "1"]

1. e4 c5 2. Nf3 e6 3. d4 cxd4 4. Nxd4 Nf6 5. Nc3 Qb6 6. Be3 Ng4 7. Qxg4 Qxb2 8. Nb3 Qxc3+ 9. Bd2 Qc7 10. Bd3 Nc6 11. f4 d5 12. e5 Bd7 13. O-O O-O-O 14. Be3 f6 15. exf6 gxf6 16. f5 e5 17. Rab1 d4 18. Bd2 Be7 19. c3 Rdg8 20. Qf3 dxc3 21. Bxc3 Rg7 22. Be4 Rhg8 23. Rfc1 Ba3 24. Rc2 b6 25. Be1 Bc5+ 26. Nxc5 Nd4 27. Qf1 Nxc2 28. Na6 Ne3 29. Qe2 Qc4 30. Bd3 Qxa6 31. Rc1+ Kd8 32. Qxe3 1-0

[Event "Guelph Winter Pro-Am U2000"]
[Site "Guelph CAN"]
[Date "2012.02.10"]
[Round "1"]
[White "Chen, Richard"]
[Black "Cservenyi, Zoltan"]
[Result "1/2-1/2"]
[WhiteElo "1784"]
[BlackElo "1643"]
[PlyCount "126"]
[GameId "2160767909576587"]
[EventDate "2012.02.10"]
[EventType "swiss"]
[EventRounds "5"]
[EventCountry "CAN"]
[SourceTitle "EXT 2022"]
[Source "ChessBase"]
[SourceDate "2021.10.06"]
[SourceVersion "1"]
[SourceVersionDate "2021.10.06"]
[SourceQuality "1"]

1. e4 e6 2. d3 c5 3. Nf3 Nc6 4. g3 d5 5. Nbd2 Nf6 6. Bg2 Bd6 7. O-O O-O 8. Re1 Qc7 9. c3 d4 10. Nc4 e5 11. a4 Be6 12. Nxd6 Qxd6 13. c4 Qd7 14. Bg5 Ne8 15. Bc1 Bh3 16. Ng5 Bxg2 17. Kxg2 Nc7 18. f4 Ne6 19. f5 Nxg5 20. Bxg5 f6 21. Bd2 Kh8 22. Qb3 b6 23. Qa3 a5 24. Qb3 Nb4 25. Bxb4 axb4 26. Ra2 Ra7 27. Qd1 Rfa8 28. b3 g6 29. Rf1 Qc6 30. Raf2 Rf7 31. Kg1 g5 32. Rg2 Rg8 33. g4 Rfg7 34. Rg3 Qd7 35. Rh3 Rf8 36. Rh6 Rff7 37. Rf3 Kg8 38. Rfh3 Qe7 39. R3h5 Kf8 40. Qa1 Qc7 41. Rh3 Kg8 42. Rf3 Kh8 43. Rf2 Rg8 44. Ra2 Ra8 45. Qe1 Qe7 46. Qf2 Qf8 47. Rh3 Kg7 48. Rh5 Qe7 49. h4 gxh4 50. Qxh4 Rg8 51. Rg2 Kf8 52. g5 Rxg5 53. Rgxg5 fxg5 54. Qxg5 Qxg5+ 55. Rxg5 Rg7 56. Rxg7 Kxg7 57. Kg2 Kf6 58. Kg3 Kg5 59. Kh3 Kh5 60. Kg2 Kh6 61. Kf2 Kh5 62. Ke2 Kg5 63. Kf1 Kh5 1/2-1/2

[Event "Guelph Winter Pro-Am U2000"]
[Site "Guelph CAN"]
[Date "2012.02.10"]
[Round "1"]
[White "Chuchin, Sasha"]
[Black "Zhang, John"]
[Result "1/2-1/2"]
[WhiteElo "1650"]
[BlackElo "1764"]
[PlyCount "87"]
[GameId "2160767909576588"]
[EventDate "2012.02.10"]
[EventType "swiss"]
[EventRounds "5"]
[EventCountry "CAN"]
[SourceTitle "EXT 2022"]
[Source "ChessBase"]
[SourceDate "2021.10.06"]
[SourceVersion "1"]
[SourceVersionDate "2021.10.06"]
[SourceQuality "1"]

1. e4 e5 2. Nf3 Nc6 3. Bc4 Nf6 4. d3 Be7 5. c3 d6 6. b4 O-O 7. Qb3 Nd7 8. Be3 Nb6 9. Bxb6 axb6 10. h3 Bd7 11. Nbd2 Bf6 12. g4 Qe7 13. Rg1 Bg5 14. Nxg5 Qxg5 15. Nf3 Qf4 16. Ke2 Ne7 17. b5 Ng6 18. Rg3 Be6 19. Bxe6 fxe6 20. Qxe6+ Kh8 21. Rf1 Qxe4+ 22. dxe4 Nf4+ 23. Kd2 Nxe6 24. Ra1 Nc5 25. Ke3 Ra3 26. Nd2 Rxc3+ 27. Ke2 Rc2 28. Re3 Ra8 29. a3 Ne6 30. a4 Rf8 31. Kd3 Nd4 32. Nf3 Rxf2 33. Nxd4 exd4 34. Kxd4 c5+ 35. bxc6 bxc6 36. Rb3 Rb8 37. Rab1 Ra2 38. Rxb6 Rxa4+ 39. Ke3 Rc8 40. Rxc6 Ra3+ 41. Kd4 Rd8 42. Rc3 Ra2 43. Rb7 Rd2+ 44. Rd3 1/2-1/2